[Event "BLR-ch"]
[Site "Minsk"]
[Date "2011.01.15"]
[Round "4"]
[White "Popova, Natalija"]
[Black "Smirnov, Valerij"]
[Result "1/2-1/2"]
[WhiteElo "2315"]
[BlackElo "2356"]
[PlyCount "23"]
[EventDate "2011.01.12"]
[EventType "tourn"]
[EventRounds "13"]
[EventCountry "BLR"]
[EventCategory "9"]
[SourceTitle "CBM 140 Extra"]
[Source "ChessBase"]
[SourceDate "2011.03.01"]
[SourceVersion "1"]
[SourceVersionDate "2011.03.01"]
[SourceQuality "1"]

1. e4 c5 2. Nf3 d6 3. d4 cxd4 4. Nxd4 Nf6 5. Nc3 Nc6 6. Be2 g6 7. 0-0 Nxd4 8. Qxd4 Bg7 9. Bg5 0-0 10. Qd2 Be6 11. Bh6 Bxh6 12. Qxh6 1/2-1/2

[Event "Kostroma Volga Cup (Women)"]
[Site "Kostroma"]
[Date "2010.07.10"]
[Round "10.5"]
[White "Popova, Natalija"]
[Black "Karibaeva, Elvira"]
[Result "1/2-1/2"]
[WhiteElo "2331"]
[BlackElo "2142"]
[PlyCount "92"]
[EventDate "2010.07.03"]
[EventType "tourn"]
[EventRounds "11"]
[EventCountry "RUS"]
[SourceTitle "EXT 2011"]
[Source "ChessBase"]
[SourceDate "2010.11.26"]
[SourceVersion "1"]
[SourceVersionDate "2010.11.26"]
[SourceQuality "1"]

1. e4 c5 2. Nf3 Nc6 3. d4 cxd4 4. Nxd4 Nf6 5. Nc3 d6 6. Bg5 Bd7 7. Qd2 Rc8 8. Nxc6 Bxc6 9. f3 h6 10. Be3 Qa5 11. 0-0-0 g6 12. Kb1 Bg7 13. Bd4 Kf8 14. g3 Nd7 15. Bh3 Qb4 16. Ne2 Qxd2 17. Rxd2 Bxd4 18. Nxd4 e6 19. Nxc6 Rxc6 20. f4 Ke7 21. Bg2 Rhc8 22. Rhd1 Rb6 23. Rd3 Rbc6 24. R1d2 Rb6 25. Rb3 h5 26. Bf3 Rc7 27. Rxb6 Nxb6 28. Rd3 Rc8 29. Kc1 Rc7 30. b3 Rc8 31. Kd2 Rh8 32. h4 Rb8 33. Rc3 Kd8 34. Ke3 Nd7 35. Rd3 Ke7 36. c4 b6 37. Rd2 Rc8 38. Be2 a5 39. Rb2 Ra8 40. Bf3 Ra7 41. Bd1 Ra8 42. Rd2 Rc8 43. Bf3 Rc7 44. Bd1 Rc8 45. Be2 Rc7 46. Rd1 Rc8 1/2-1/2

[Event "Kostroma Volga Cup (Women)"]
[Site "Kostroma"]
[Date "2010.07.03"]
[Round "1.4"]
[White "Popova, Natalija"]
[Black "Yanovskaya, Olesia"]
[Result "1-0"]
[WhiteElo "2331"]
[BlackElo "1921"]
[PlyCount "89"]
[EventDate "2010.07.03"]
[EventType "tourn"]
[EventRounds "11"]
[EventCountry "RUS"]
[SourceTitle "EXT 2011"]
[Source "ChessBase"]
[SourceDate "2010.11.26"]
[SourceVersion "1"]
[SourceVersionDate "2010.11.26"]
[SourceQuality "1"]

1. e4 e6 2. d4 d5 3. e5 c5 4. c3 Nc6 5. Nf3 Bd7 6. a3 c4 7. Nbd2 Nh6 8. b4 b5 9. g3 a5 10. Bb2 axb4 11. axb4 Be7 12. Bg2 0-0 13. 0-0 Rxa1 14. Qxa1 Qa8 15. Re1 Qb7 16. h4 Nf5 17. h5 Ra8 18. Qb1 Qa7 19. Nf1 Qa2 20. Qc2 Qa4 21. Qc1 Qb3 22. N1d2 Qa4 23. g4 Nh4 24. Nxh4 Bxh4 25. Nf3 Be7 26. Rf1 Qa7 27. Nh2 Rf8 28. g5 Be8 29. Ng4 f5 30. exf6 gxf6 31. Qe3 Nd8 32. gxf6 Bxf6 33. Bxd5 Qg7 34. Bxe6+ Nxe6 35. Qxe6+ Bf7 36. Qf5 Be8 37. h6 Qe7 38. Bc1 Bd7 39. Qd5+ Be6 40. Qg2 Kh8 41. Nxf6 Qxf6 42. Bg5 Qf7 43. Qg3 Re8 44. Re1 Kg8 45. Be7+ 1-0

[Event "Rewal op-A 14th"]
[Site "Rewal"]
[Date "2009.08.27"]
[Round "7"]
[White "Popova, Natalija"]
[Black "Adamski, Jan"]
[Result "1-0"]
[WhiteElo "2276"]
[BlackElo "2276"]
[PlyCount "64"]
[EventDate "2009.08.19"]
[EventType "swiss"]
[EventRounds "9"]
[EventCountry "POL"]
[SourceTitle "CBM 131 Extra"]
[Source "ChessBase"]
[SourceDate "2009.09.03"]
[SourceVersion "2"]
[SourceVersionDate "2009.09.16"]
[SourceQuality "1"]

1. e4 c5 2. Nf3 e6 3. Nc3 a6 4. d4 cxd4 5. Nxd4 Nc6 6. g3 Qc7 7. Bg2 Nf6 8. 0-0 Nxd4 9. Qxd4 Bc5 10. Qd3 d6 11. Na4 Ba7 12. Bf4 e5 13. Bg5 Ng4 14. Rad1 h6 15. Bc1 Ke7 16. Nc3 Nf6 17. Kh1 Be6 18. Nd5+ Nxd5 19. exd5 Bd7 20. Rfe1 Bxf2 21. Rxe5+ Kf8 22. Re2 Bb5 23. c4 Bxc4 24. Rc2 Bxd3 25. Rxc7 Bg6 26. Bf4 Rd8 27. Bxd6+ Kg8 28. Be7 Re8 29. d6 Kh7 30. Rxb7 Be3 31. h4 Bf5 32. Re1 Bc5 1-0